LEADER 00874nam0 2200277 450 001 000025120 005 20090327121200.0 010 $a88-420-2688-3 100 $a20090327d1986----km-y0itay50------ba 101 0 $aita 102 $aIT 105 $ay-------001yy 200 1 $a<>classi sociali negli anni '80$fPaolo Sylos Labini 210 $aRoma$cLaterza$d1986$aBari 215 $aXIV, 262 p.$d21 cm 225 2 $aSagittari Laterza$v1 410 0$12001$aSagittari Laterza 500 10$a<>classi sociali negli anni '80$944372 610 1 $aClassi sociali$aItalia$a1970-1980 676 $a305.50945$v19$9Classi sociali. Italia 700 1$aSylos Labini,$bPaolo$0183308 801 0$aIT$bUNIPARTHENOPE$c20090327$gRICA$2UNIMARC 912 $a000025120 951 $a032/81$b107$cNAVA2$d2009 996 $aClassi sociali negli anni '80$944372 997 $aUNIPARTHENOPE LEADER 02318nam 2200505 450 001 9910483311403321 005 20220202132744.0 010 $a981-16-2281-7 024 7 $a10.1007/978-981-16-2281-6 035 $a(CKB)4100000011955561 035 $a(DE-He213)978-981-16-2281-6 035 $a(MiAaPQ)EBC6638364 035 $a(Au-PeEL)EBL6638364 035 $a(OCoLC)1255777367 035 $a(PPN)258064382 035 $a(EXLCZ)994100000011955561 100 $a20220202d2021 uy 0 101 0 $aeng 135 $aurnn|008mamaa 181 $ctxt$2rdacontent 182 $cc$2rdamedia 183 $acr$2rdacarrier 200 10$aCotton and flax fibre-reinforced geopolymer composites $esynthesis, properties and applications /$fIt-Meng Low, Thamer Alomayri, Hasan Assaedi 205 $a1st ed. 2021. 210 1$aGateway East, Singapore :$cSpringer,$d[2021] 210 4$dİ2021 215 $a1 online resource (XII, 202 p. 133 illus., 78 illus. in color.) 225 1 $aComposites Science and Technology ,$x2662-1819 311 $a981-16-2280-9 327 $aIntroduction -- Materials and Methodology -- Physical Properties -- Mechanical Properties -- High-Temperature Thermal Stability and Durability -- Applications -- Conclusions. 330 $aThis book provides an overview on the latest advances in the synthesis, properties and applications of geopolymers reinforced with natural fibres such as pulp fibre, cotton, sisal, flax and hemp. The influence of adding various natural fibres and nanofillers on the mechanical properties of these composites is discussed. Potential challenges and future directions of these composites are highlighted and addressed. The content of this book caters to students, researchers and academics who are interested in the synthesis and applications of geopolymers composites. 410 0$aComposites Science and Technology ,$x2662-1819 606 $aFibrous composites 615 0$aFibrous composites. 676 $a620.118 700 $aLow$b It-Meng$0903211 702 $aAlomayri$b Thamer 702 $aAssaedi$b Hasan 801 0$bMiAaPQ 801 1$bMiAaPQ 801 2$bMiAaPQ 906 $aBOOK 912 $a9910483311403321 996 $aCotton and Flax Fibre-Reinforced Geopolymer Composites$92047240 997 $aUNINA